<?xml version="1.0" encoding="UTF-8"?>
<record
    xmlns:xsi="http://www.w3.org/2001/XMLSchema-instance"
    xsi:schemaLocation="http://www.loc.gov/MARC21/slim http://www.loc.gov/standards/marcxml/schema/MARC21slim.xsd"
    xmlns="http://www.loc.gov/MARC21/slim">

  <leader>02864nam a22003257a 4500</leader>
  <controlfield tag="003">OSt</controlfield>
  <controlfield tag="005">20250613142219.0</controlfield>
  <controlfield tag="007">cr ||||||a|c|a</controlfield>
  <controlfield tag="008">240826s2023    mx ad||fom||| 001 0 spa d</controlfield>
  <datafield tag="040" ind1=" " ind2=" ">
    <subfield code="e">rda</subfield>
  </datafield>
  <datafield tag="100" ind1="1" ind2=" ">
    <subfield code="a">Valencia Luna, Hugo Enrique</subfield>
    <subfield code="9">189476</subfield>
  </datafield>
  <datafield tag="245" ind1="1" ind2="0">
    <subfield code="a">Azoxystrobin como ingrediente activo para el control de Fusarium oxysporum en agave tequilana Webwer var. azul /</subfield>
    <subfield code="c">por Hugo Enrique Valencia Luna; presidente Jaime Alfredo Urz&#xFA;a Gutierrez; secretario Calixto Leopoldo Carrillo Fonseca; vocal Marco Antonio Islas Herrera;  suplente Candelario Santillan Ortega; suplente J. Antonio  Tafoya Razo</subfield>
  </datafield>
  <datafield tag="264" ind1=" " ind2="1">
    <subfield code="a">Chapingo, M&#xE9;xico :</subfield>
    <subfield code="b">El autor,</subfield>
    <subfield code="c">2023.</subfield>
  </datafield>
  <datafield tag="300" ind1=" " ind2=" ">
    <subfield code="a">1 recurso en l&#xED;nea (47  p&#xE1;ginas):</subfield>
    <subfield code="b">Ilustraciones, cuadros, gr&#xE1;ficas</subfield>
  </datafield>
  <datafield tag="336" ind1=" " ind2=" ">
    <subfield code="2">rdacontent</subfield>
    <subfield code="a">texto</subfield>
    <subfield code="b">txt</subfield>
  </datafield>
  <datafield tag="337" ind1=" " ind2=" ">
    <subfield code="2">rdamedia</subfield>
    <subfield code="a">computadora</subfield>
    <subfield code="b">c</subfield>
  </datafield>
  <datafield tag="338" ind1=" " ind2=" ">
    <subfield code="2">rdacarrier</subfield>
    <subfield code="a">recurso en l&#xED;nea</subfield>
    <subfield code="b">cr</subfield>
  </datafield>
  <datafield tag="502" ind1=" " ind2=" ">
    <subfield code="b">IAEPA</subfield>
    <subfield code="c">Parasitolog&#xED;a</subfield>
    <subfield code="d">2023</subfield>
    <subfield code="g">LIC</subfield>
  </datafield>
  <datafield tag="504" ind1=" " ind2=" ">
    <subfield code="a">Incluye referencias bibliogr&#xE1;ficas: p&#xE1;ginas 43-47</subfield>
  </datafield>
  <datafield tag="520" ind1=" " ind2=" ">
    <subfield code="a">El presente trabajo de realiz&#xF3; en los invernaderos del &#xE1;rea de Malezas del Departamento de Parasitolog&#xED;a Agr&#xED;cola de la Universidad Aut&#xF3;noma Chapingo, Municipio de Texcoco, Estado de M&#xE9;xico con la finalidad de evaluar el control y efecto del ingrediente activo azoxystrobin sobre Fusarium oxysporum en Agave tequilana Weber var. Azul a diferentes dosis: 100, 200, 300 y 500 g de i.a./ ha. Las unidades experimentales son plantas de Agave tequilana Weber var. Azul de un a&#xF1;o, con s&#xED;ntomas de marchitez y severidades grado 2 y 3. El dise&#xF1;o fue completamente al azar con 5 tratamientos y 8 repeticiones. Se realizaron dos aplicaciones de cada tratamiento con un lapso de 15 d entre cada una. Posteriormente se hicieron dos evaluaciones, la primera a los 15 d de la &#xFA;ltima aplicaci&#xF3;n del producto, y la segunda a los 5 d posteriores; las evaluaciones del control se realizaron en base a la caracter&#xED;stica de &#x201C;falsa madurez de la pi&#xF1;a&#x201D; la cual consiste en una coloraci&#xF3;n amarillenta de la pi&#xF1;a causada por la presencia del pat&#xF3;geno. No hubo diferencias significativas entre las dosis 300 y 500 g de i.a./ha, mostraron un control similar del pat&#xF3;geno; el tratamiento 5 correspondiente a 500 g de i.a / ha tuvo el mayor porcentaje de control.
</subfield>
  </datafield>
  <datafield tag="650" ind1=" " ind2="2">
    <subfield code="a">Fusarium oxysporum</subfield>
    <subfield code="x">Control</subfield>
    <subfield code="9">130783</subfield>
  </datafield>
  <datafield tag="650" ind1=" " ind2="0">
    <subfield code="a">Agave tequilana </subfield>
    <subfield code="x">Plagas </subfield>
    <subfield code="9">164537</subfield>
  </datafield>
  <datafield tag="700" ind1="1" ind2=" ">
    <subfield code="a">Urz&#xFA;a Guti&#xE9;rrez, Jaime Alfredo</subfield>
    <subfield code="9">117018</subfield>
    <subfield code="e">presidente</subfield>
  </datafield>
  <datafield tag="700" ind1="1" ind2=" ">
    <subfield code="a">Carrillo Fonseca, Calixto Leopoldo</subfield>
    <subfield code="9">19482</subfield>
    <subfield code="e">secretario</subfield>
  </datafield>
  <datafield tag="700" ind1="1" ind2=" ">
    <subfield code="a">Islas Herrera, Marco Antonio</subfield>
    <subfield code="9">189478</subfield>
    <subfield code="e">vocal</subfield>
  </datafield>
  <datafield tag="700" ind1="1" ind2=" ">
    <subfield code="a">Santill&#xE1;n Ortega, Candelario</subfield>
    <subfield code="9">102429</subfield>
    <subfield code="e">suplente</subfield>
  </datafield>
  <datafield tag="700" ind1="0" ind2=" ">
    <subfield code="a">Tafoya Razo, Jos&#xE9; Antonio</subfield>
    <subfield code="e">suplente</subfield>
    <subfield code="9">111341</subfield>
  </datafield>
  <datafield tag="856" ind1=" " ind2=" ">
    <subfield code="u">http://10.13.5.2/tesis/tl/1512642-9_Valencia_Luna_Hugo_Enrique.pdf</subfield>
    <subfield code="z">DESCARGAR PDF</subfield>
  </datafield>
  <datafield tag="942" ind1=" " ind2=" ">
    <subfield code="2">Clasificaci&#xF3;n Universidad Aut&#xF3;noma Chapingo</subfield>
    <subfield code="c">TD</subfield>
  </datafield>
  <datafield tag="999" ind1=" " ind2=" ">
    <subfield code="c">220107</subfield>
    <subfield code="d">220107</subfield>
  </datafield>
  <datafield tag="952" ind1=" " ind2=" ">
    <subfield code="0">0</subfield>
    <subfield code="1">0</subfield>
    <subfield code="2">local</subfield>
    <subfield code="4">0</subfield>
    <subfield code="5">1</subfield>
    <subfield code="7">0</subfield>
    <subfield code="8">TesDigL</subfield>
    <subfield code="a">BD</subfield>
    <subfield code="b">BD</subfield>
    <subfield code="c">E_L</subfield>
    <subfield code="d">2024-08-26</subfield>
    <subfield code="l">0</subfield>
    <subfield code="o">Tesis digital</subfield>
    <subfield code="r">2024-08-26 14:28:38</subfield>
    <subfield code="w">2024-08-26</subfield>
    <subfield code="y">TD</subfield>
  </datafield>
</record>
